| 000 | 00542nam a2200181Ia 4500 | ||
|---|---|---|---|
| 003 | OSt | ||
| 005 | 20260331085755.0 | ||
| 008 | 211028s2010 xx 000 0 und d | ||
| 040 | _cAIMIT LIBRARY | ||
| 041 | _aeng | ||
| 082 | _a658.8 MADS | ||
| 100 |
_aMadtha, Supriya Jeshma;Achar, Sumitha. _g816052 _96526 |
||
| 245 | _aTo analyse, optimize and forecast the inventory for mangala dinning pvt. ltd, Valencia Mangalore / | ||
| 260 |
_bAchar, Sumitha _c2010 |
||
| 600 |
_aMarketing _96527 |
||
| 650 |
_aMarketing _96528 |
||
| 942 |
_2ddc _cPRO |
||
| 999 |
_c218267 _d218267 |
||